000 00325 a2200157 4500
001 176583
020 _a
040 _cMagnum
100 _aCerqueira, Rui
240 1 0 _aAnfibio e repteis
_lpor
245 1 0 _aAnfibio e repteis
362 0 _a1899
440 1 _aSalamandra
697 _aMAGNITO: SERES VIVOS
942 _cBK
999 _c176583
_d176583